000 00487nam a22001577a 4500
005 20251108173443.0
008 250721s2006 xx 000 0 ara d
082 1 4 _a133.8/مجي
100 1 _aمجيد، فريد
245 1 0 _aالقوى الرهيبة دراسة في العوالم الخفية /
264 1 _aعمان :
_bمكتبة الرائد،
_c2006.
300 _a175ص.
650 1 7 _aالظواهر الطبيعية الخارقة
942 _2ddc
_cBK
999 _c104249
_d104249